Women Ballon d'Or 2025 - Statistics

General Stats
  • This quiz has been taken 10 times
  • The average score is 15 of 30
Answer Stats
Ranking Club during 2024-2025 season Answer % Correct
1 Barcelona FC Aitana Bonmati
100%
4 Barcelona FC Alexia Putellas
100%
5 Arsenal Chloe Kelly
100%
12 Orlando Pride Marta
88%
3 Arsenal Alessia Russo
75%
8 Barcelona FC Ewa Pajor
75%
9 Chelsea FC Lucy Bronze
75%
2 Arsenal Mariona Caldentey
75%
13 Barcelona FC Caroline Graham Hansen
63%
10 Chelsea FC Hannah Hampton
63%
19 Bayern Munich Klara Bühl
63%
7 Arsenal Leah Williamson
63%
15 Chelsea FC Sandy Baltimore
63%
29 Arsenal Steph Catley
63%
11 Barcelona FC Claudia Pina
50%
25 Arsenal Emily Fox
50%
23 Chelsea FC Johanna Rytting Kaneryd
50%
6 Barcelona FC Patri Guijarro
50%
20 Bayern Munich Pernille Harder
38%
14 Orlando Pride Barbra Banda
25%
30 Real Madrid Caroline Weir
25%
16 Juventus FC Cristiana Girelli
25%
22 NJ/NY Gotham Esther Gonzalez
25%
27 Arsenal Frida Leonhardsen Maanum
25%
26 Olympique Lyonnais Lindsey Heaps
25%
17 Kansas City Current Temwa Chawinga
25%
21 Palmeiras Amanda Gutierres
13%
28 Paris FC Clara Mateo
13%
18 Olympique Lyonnais Melchie Dumornay
13%
24 Juventus FC Sofia Cantore
13%
No matching quizzes found
Score Distribution
Percent of People with Each Score
Percentile by Number Answered
Your Score History
You have not taken this quiz